Normal view MARC view

Entry Personal Name

Number of records used in: 5

001 - CONTROL NUMBER

  • control field: 6418

003 - CONTROL NUMBER IDENTIFIER

  • control field: DLC

005 - DATE AND TIME OF LATEST TRANSACTION

  • control field: 20260305123302.0

008 - FIXED-LENGTH DATA ELEMENTS

  • fixed length control field: 081202n| azannaabn |a aaa

010 ## - LIBRARY OF CONGRESS CONTROL NUMBER

  • LC control number: n 2008209853

040 ## - CATALOGING SOURCE

  • Original cataloging agency: DLC
  • Language of cataloging: eng
  • Transcribing agency: DLC
  • Description conventions: rda
  • Modifying agency: DLC

053 #0 - LC CLASSIFICATION NUMBER

  • Classification number element--single number or beginning number of span: PL4718.9.S3367

100 1# - HEADING--PERSONAL NAME

  • Personal name: Santōṣkumār, I.,
  • Dates associated with a name: 1969-

370 ## - ASSOCIATED PLACE

  • Place of residence/headquarters: Trichur (India)
  • Source of term: naf

372 ## - FIELD OF ACTIVITY

  • Field of activity: Literature
  • Source of term: lcsh

374 ## - OCCUPATION

  • Occupation: Writers
  • Source of term: lcdgt

377 ## - ASSOCIATED LANGUAGE

  • Language code: eng

400 1# - SEE FROM TRACING--PERSONAL NAME

  • Personal name: Santōṣkumār, E.,
  • Dates associated with a name: 1969-

400 1# - SEE FROM TRACING--PERSONAL NAME

  • Personal name: Santhoshkumar, E.,
  • Dates associated with a name: 1969-

400 1# - SEE FROM TRACING--PERSONAL NAME

  • Personal name: Santhosh Kumar, E.,
  • Dates associated with a name: 1969-

400 1# - SEE FROM TRACING--PERSONAL NAME

  • Personal name: Santōṣ Kumār, I.,
  • Dates associated with a name: 1969-

670 ## - SOURCE DATA FOUND

  • Source citation: Santōṣkumār, I. Mūnnu viralukaḷ, 2008:
  • Information found: t.p. (I. Santōṣkumar) t.p. verso (E. Santhoshkumar) prelim. p . (b. 1969; currently working with Nat. Insurance Co., India)

670 ## - SOURCE DATA FOUND

  • Source citation: Island of lost shadows, 2015:
  • Information found: title page (E. Santhosh Kumar) cover page 3 (Malayalam author; lives in Thrissur, Kerala)

670 ## - SOURCE DATA FOUND

  • Source citation: Orāḷkkȧ etr̲a maṇṇu vēṇaṃ?, October 2016:
  • Information found: t.p. (I. Santōṣ Kumār)

Powered by Koha